<?xml version="1.0" encoding="UTF-8"?>
<record
    xmlns:xsi="http://www.w3.org/2001/XMLSchema-instance"
    xsi:schemaLocation="http://www.loc.gov/MARC21/slim http://www.loc.gov/standards/marcxml/schema/MARC21slim.xsd"
    xmlns="http://www.loc.gov/MARC21/slim">

  <leader>02096cam a2200289 a 4500</leader>
  <controlfield tag="001">1492312</controlfield>
  <controlfield tag="003">OSt</controlfield>
  <controlfield tag="005">20220606085829.0</controlfield>
  <controlfield tag="008">150922s2014    sp      r     0001fdspa d</controlfield>
  <datafield tag="020" ind1=" " ind2=" ">
    <subfield code="a">9788418173745</subfield>
  </datafield>
  <datafield tag="040" ind1=" " ind2=" ">
    <subfield code="a">CO-BoBLA </subfield>
    <subfield code="b">spa </subfield>
    <subfield code="c">CO-BoBLA</subfield>
  </datafield>
  <datafield tag="041" ind1="1" ind2=" ">
    <subfield code="a">spa </subfield>
    <subfield code="h">eng</subfield>
  </datafield>
  <datafield tag="043" ind1=" " ind2=" ">
    <subfield code="a">n-us--- </subfield>
    <subfield code="a">e-uk-st</subfield>
  </datafield>
  <datafield tag="082" ind1="0" ind2="4">
    <subfield code="a">AN </subfield>
    <subfield code="b">GABf</subfield>
  </datafield>
  <datafield tag="100" ind1="1" ind2=" ">
    <subfield code="a">Gabaldon, Diana, </subfield>
    <subfield code="d">1952-</subfield>
  </datafield>
  <datafield tag="245" ind1="1" ind2="0">
    <subfield code="a">Forastera : </subfield>
    <subfield code="c">Diana Gabaldon</subfield>
  </datafield>
  <datafield tag="260" ind1=" " ind2=" ">
    <subfield code="a">Barcelona : </subfield>
    <subfield code="b">Salamandra, </subfield>
    <subfield code="c">2014.</subfield>
  </datafield>
  <datafield tag="300" ind1=" " ind2=" ">
    <subfield code="a">766 p&#xE1;ginas ; </subfield>
    <subfield code="c">22 cm.</subfield>
  </datafield>
  <datafield tag="500" ind1=" " ind2=" ">
    <subfield code="a">Rese&#xF1;a del libro
Reci&#xE9;n acabada la Segunda Guerra Mundial, una joven pareja se re&#xFA;ne por fin para pasar sus vacaciones en Escocia. Una tarde, cuando pasea sola por la pradera, Claire se acerca a un c&#xED;rculo de piedras antiqu&#xED;simas y cae de pronto en un extra&#xF1;o trance. Al volver en s&#xED; se encuentra con un panorama desconcertante: el mundo moderno ha desaparecido, ahora la rodea la Escocia de 1734, con sus clanes beligerantes y supersticiosos, hombres y mujeres rudos, a veces violentos, pero con una capacidad de vivir y de amar como Claire jam&#xE1;s hab&#xED;a experimentado en su anterior vida. Acosada por los recuerdos, Claire tendr&#xE1; que elegir entre la seguridad del futuro que dej&#xF3; atr&#xE1;s y la apasionante incertidumbre del pasado que ahora habita. En esta primera parte de la saga de Claire Randall -que contin&#xFA;a conAtrapada en el tiempo,Viajera yTambores de oto&#xF1;o-, Diana Gabaldon ha escrito una historia de amor diferente, en la que los encuentros fortuitos y el juego equ&#xED;voco del tiempo se conjugan en un intrigante final. Rese&#xF1;as: &#xAB;Conmovedora, audaz, emocionante... Con gran maestr&#xED;a, Gabaldon entrelaza per&#xED;odos hist&#xF3;ricos sin perder nunca el hilo argumental.&#xBB; Locus &#xAB;De cualidad superior, un talento que va m&#xE1;s all&#xE1; de una narraci&#xF3;n inteligente.&#xBB; The Grand Prairie News</subfield>
  </datafield>
  <datafield tag="534" ind1=" " ind2=" ">
    <subfield code="p">T&#xFFFD;tulo original : </subfield>
    <subfield code="t">Outlander.</subfield>
  </datafield>
  <datafield tag="650" ind1=" " ind2="4">
    <subfield code="a">Novela estadounidense.</subfield>
  </datafield>
  <datafield tag="650" ind1=" " ind2=" ">
    <subfield code="a">Recuerdos</subfield>
    <subfield code="v"> Novela.</subfield>
  </datafield>
  <datafield tag="651" ind1=" " ind2="4">
    <subfield code="a">Escocia</subfield>
    <subfield code="x"> Historia</subfield>
    <subfield code="v"> Novela.</subfield>
  </datafield>
  <datafield tag="700" ind1="1" ind2=" ">
    <subfield code="a">Bordeu, Carmen, </subfield>
    <subfield code="e">traductora.</subfield>
  </datafield>
  <datafield tag="942" ind1=" " ind2=" ">
    <subfield code="2">ddc</subfield>
    <subfield code="c">BKLIT</subfield>
  </datafield>
  <datafield tag="949" ind1=" " ind2=" ">
    <subfield code="a">n       </subfield>
    <subfield code="b">n</subfield>
  </datafield>
  <datafield tag="999" ind1=" " ind2=" ">
    <subfield code="c">14284</subfield>
    <subfield code="d">14284</subfield>
  </datafield>
  <datafield tag="952" ind1=" " ind2=" ">
    <subfield code="0">0</subfield>
    <subfield code="1">0</subfield>
    <subfield code="2">ddc</subfield>
    <subfield code="4">0</subfield>
    <subfield code="7">0</subfield>
    <subfield code="8">LA</subfield>
    <subfield code="a">BPMOS</subfield>
    <subfield code="b">BPMOS</subfield>
    <subfield code="d">2022-06-06</subfield>
    <subfield code="e">COMPRA 2022</subfield>
    <subfield code="l">6</subfield>
    <subfield code="m">5</subfield>
    <subfield code="o">AN  GABf</subfield>
    <subfield code="p">MOS502347</subfield>
    <subfield code="r">2025-11-12</subfield>
    <subfield code="s">2025-10-08</subfield>
    <subfield code="t">EJ 1</subfield>
    <subfield code="w">2022-06-06</subfield>
    <subfield code="y">BKLIT</subfield>
    <subfield code="z">Quince dias</subfield>
  </datafield>
</record>
